[Event "HEM 2006 B"]
[Site "Marburg"]
[Date "2006.04.14"]
[Round "6.22"]
[White "Schreiber, Torsten"]
[Black "Popp, Matthias"]
[Result "0-1"]
[WhiteElo "1968"]
[BlackElo "1541"]
[PlyCount "92"]
[EventDate "2006.04.12"]
[EventType "swiss"]
[EventCountry "GER"]

1. Nf3 c5 2. c3 d5 3. d4 Nf6 4. Bf4 Bg4 5. Nbd2 Qb6 6. Qb3 g6 7. dxc5 Qxb3 8.
axb3 Nc6 9. b4 Bg7 10. h3 Bd7 11. b5 Nd8 12. e3 O-O 13. Be2 Ne6 14. Nb3 Ne4 15.
O-O N6xc5 16. Nxc5 Nxc5 17. Ne5 Bf5 18. Rfd1 e6 19. Nd3 Nxd3 20. Bxd3 Bxd3 21.
Rxd3 a6 22. Bd6 axb5 23. Rad1 Rfd8 24. Ba3 Ra4 25. Bb4 Bf8 26. Bxf8 Kxf8 27.
Rd4 Rxd4 28. Rxd4 Rc8 29. Rb4 Rc5 30. Kf1 Ke7 31. Ke2 Kd6 32. Kf3 Kc6 33. Rh4
h5 34. e4 Rc4 35. exd5+ Kxd5 36. g4 f5 37. Kg3 Ke5 38. gxh5 Rxh4 39. Kxh4 gxh5
40. Kxh5 Kf6 41. f4 e5 42. fxe5+ Kxe5 43. h4 f4 44. Kg4 Ke4 45. h5 f3 46. Kh3
Ke3 0-1

[Event "HEM 2006 B"]
[Site "Marburg"]
[Date "2006.04.14"]
[Round "6.23"]
[White "Fay, Roland"]
[Black "Feigl, Gerold"]
[Result "1-0"]
[WhiteElo "1739"]
[BlackElo "1514"]
[PlyCount "83"]
[EventDate "2006.04.12"]
[EventType "swiss"]
[EventCountry "GER"]

1. d4 Nf6 2. c4 c6 3. Nc3 d5 4. Nf3 e6 5. Bg5 Be7 6. e3 O-O 7. Bd3 Nbd7 8. O-O
Re8 9. Rc1 Nf8 10. a3 dxc4 11. Bxc4 Nd5 12. Bxe7 Nxc3 13. bxc3 Qxe7 14. Qb3 Ng6
15. a4 a6 16. Rb1 Qc7 17. Bd3 Qa5 18. Bxg6 hxg6 19. Ne5 Qd8 20. Qb6 Qxb6 21.
Rxb6 g5 22. Rfb1 f6 23. Nc4 Rd8 24. Na5 Ra7 25. Nxb7 Rd7 26. Nc5 Rdc7 27. a5
Kf7 28. f3 f5 29. Kf2 Kf6 30. h4 gxh4 31. e4 g5 32. e5+ Kg6 33. Rh1 f4 34. Rhb1
Kf5 35. Ne4 Kg6 36. Nd6 Bd7 37. Rb8 Kg7 38. Ne4 Kh6 39. Rh8+ Kg6 40. Rbb8 Rab7
41. Rbg8+ Kf7 42. Nxg5+ 1-0

[Event "HEM 2006 B"]
[Site "Marburg"]
[Date "2006.04.14"]
[Round "6.24"]
[White "Ottinger, Rüdiger"]
[Black "Sander, Rudi"]
[Result "1/2-1/2"]
[WhiteElo "1733"]
[BlackElo "1345"]
[PlyCount "70"]
[EventDate "2006.04.12"]
[EventType "swiss"]
[EventCountry "GER"]

1. d4 d5 2. c4 Nf6 3. cxd5 Qxd5 4. Nc3 Qd8 5. Nf3 e6 6. e4 c6 7. Bg5 Be7 8. Qd2
O-O 9. Bd3 Nbd7 10. O-O h6 11. Bh4 Re8 12. Qc2 a5 13. Rad1 Qc7 14. Bg3 Qb6 15.
h3 Qa7 16. a4 b6 17. Nd2 Ba6 18. Nc4 Rac8 19. Nd6 Bxd3 20. Qxd3 Bxd6 21. Bxd6
Qb7 22. Ba3 Ra8 23. Rfe1 Qa6 24. Qxa6 Rxa6 25. Re3 Ra7 26. Red3 Rb7 27. d5 cxd5
28. exd5 Ne5 29. Rd4 exd5 30. Nxd5 Nxd5 31. Rxd5 Nc4 32. Rd8 Rxd8 33. Rxd8+ Kh7
34. Rd3 Nxa3 35. Rxa3 b5 1/2-1/2

[Event "HEM 2006 B"]
[Site "Marburg"]
[Date "2006.04.14"]
[Round "6.25"]
[White "Martens, Nick"]
[Black "Bauch, Frank"]
[Result "0-1"]
[WhiteElo "1393"]
[BlackElo "1682"]
[PlyCount "220"]
[EventDate "2006.04.12"]
[EventType "swiss"]
[EventCountry "GER"]

1. f4 d5 2. Nf3 c5 3. e3 Nc6 4. Bb5 Bd7 5. O-O Nf6 6. b3 e6 7. Bb2 Be7 8. a3
O-O 9. Bd3 Rc8 10. c4 Re8 11. Qe2 Bf8 12. Ng5 g6 13. Qf2 Bg7 14. Ra2 h6 15. Nf3
a6 16. Nc3 Na5 17. cxd5 Nxb3 18. e4 exd5 19. e5 Ng4 20. Qg3 h5 21. Nh4 Nxd2 22.
Rd1 d4 23. Rxd2 dxc3 24. Bxc3 Qe7 25. h3 c4 26. Bc2 Nh6 27. Bb4 Qe6 28. Rd6
Bxe5 29. Rxe6 Bd4+ 30. Kh2 Rxe6 31. Qf3 Bc6 32. Qd1 Bf6 33. Nf3 Rd8 34. Qb1 Re2
35. Qf1 Rde8 36. Bb1 R2e3 37. Qxc4 Kg7 38. Ne5 Ba4 39. Bf8+ Kxf8 40. Qxa4 Rd8
41. Nf3 Kg7 42. Bc2 Rde8 43. Bb3 R8e4 44. Qa5 Rxb3 45. Qd5 Ree3 46. a4 Red3 47.
Qc5 Rdc3 48. Qa7 Ng4+ 49. hxg4 hxg4 50. Ne5 g3+ 51. Kh3 Rc1 52. Nf3 Rh1+ 53.
Kg4 Be7 54. Qd4+ Kf8 55. f5 Rb4 56. fxg6 Rh4+ 57. Nxh4 Rxd4+ 58. Kxg3 Rxh4 59.
gxf7 Rb4 60. Kh3 Kxf7 61. Kg3 a5 62. Kf3 Kf6 63. Ke3 b6 64. Kd3 Bc5 65. Kc3 Kf5
66. Kd3 Kg4 67. Kc3 Kg3 68. Kd3 Rf4 69. Kc3 Rg4 70. Kd3 Bf2 71. Rb2 Kxg2 72.
Ra2 Kf3 73. Ra3 Bc5 74. Ra2 Rb4 75. Kc3 Ke3 76. Kc2 Kd4 77. Kc1 Kc4 78. Kc2 Bd4
79. Ra3 Rb2+ 80. Kc1 Kb4 81. Rh3 Rg2 82. Rh4 Kc3 83. Rh3+ Kb4 84. Rh4 Kc4 85.
Kd1 Kd3 86. Rh3+ Be3 87. Rh1 Rg1+ 88. Rxg1 Bxg1 89. Kc1 Kc3 90. Kb1 Kb3 91. Ka1
Bd4+ 92. Kb1 Kxa4 93. Ka2 b5 94. Kb1 Ka3 95. Kc2 Ka2 96. Kd3 Bc5 97. Kc3 a4 98.
Kd3 b4 99. Kc4 Bf8 100. Kd3 b3 101. Kd4 b2 102. Kd5 b1=Q 103. Ke6 Kb3 104. Kf7
a3 105. Kxf8 a2 106. Ke7 a1=R 107. Ke6 Ra5 108. Kf6 Qf5+ 109. Ke7 Ra6 110. Kd8
Qh7 0-1

[Event "HEM 2006 B"]
[Site "Marburg"]
[Date "2006.04.14"]
[Round "6.26"]
[White "Keim, Alexander"]
[Black "Siegismund, Verena"]
[Result "1-0"]
[WhiteElo "1682"]
[BlackElo "1169"]
[PlyCount "86"]
[EventDate "2006.04.12"]
[EventType "swiss"]
[EventCountry "GER"]

1. e4 e5 2. Nf3 Nc6 3. Bb5 d6 4. O-O Bd7 5. c3 a6 6. Ba4 Nf6 7. Re1 b5 8. Bb3
Bg4 9. h3 Bh5 10. d3 Be7 11. Nbd2 O-O 12. Nf1 Na5 13. Bc2 c6 14. Ng3 Bxf3 15.
Qxf3 Nb7 16. d4 Re8 17. Bg5 h6 18. Be3 Qc7 19. Nf5 Kh7 20. Qg3 Nh5 21. Qg4 g6
22. Nxh6 Bf8 23. Nf5 f6 24. Qh4 gxf5 25. Qxh5+ Kg7 26. Bh6+ Kh8 27. Bxf8+ Qh7
28. Bh6 Rg8 29. exf5 Nd8 30. f4 Nf7 31. fxe5 dxe5 32. dxe5 Nxh6 33. exf6 Rgf8
34. Re7 Rf7 35. Rae1 Raf8 36. Bb3 Nxf5 37. Qxh7+ Rxh7 38. Rxh7+ Kxh7 39. Bc2
Rxf6 40. Rf1 Kg6 41. Rxf5 Rxf5 42. Bxf5+ Kxf5 43. Kf2 Kf4 1-0

[Event "HEM 2006 B"]
[Site "Marburg"]
[Date "2006.04.14"]
[Round "6.27"]
[White "Riedl, Janis"]
[Black "Schneider, Udo"]
[Result "0-1"]
[WhiteElo "1250"]
[BlackElo "1679"]
[PlyCount "84"]
[EventDate "2006.04.12"]
[EventType "swiss"]
[EventCountry "GER"]

1. e4 c5 2. Nc3 Nc6 3. f4 e6 4. Nf3 Nge7 5. g3 d5 6. d3 a6 7. Bg2 dxe4 8. Nxe4
Nd5 9. O-O Be7 10. Qd2 b5 11. b3 Qb6 12. c4 Nf6 13. Bb2 Nxe4 14. dxe4 O-O 15.
Qe2 Bb7 16. h4 Nd4 17. Bxd4 cxd4 18. Qd3 Rac8 19. Kh2 Rfd8 20. Nd2 Bb4 21. Rac1
Qa5 22. Rc2 Bxd2 23. Rxd2 Qc3 24. cxb5 Qxd3 25. Rxd3 Rc2 26. Kg1 Rxg2+ 27. Kxg2
Bxe4+ 28. Rdf3 axb5 29. Kg1 Bxf3 30. Rxf3 d3 31. Rf1 b4 32. Kf2 f6 33. g4 e5
34. Ke3 exf4+ 35. Kxf4 Rd4+ 36. Kf3 d2 37. Rd1 Kf7 38. g5 fxg5 39. hxg5 Ke6 40.
Ke3 Ke5 41. Ke2 Ke4 42. Rh1 d1=Q+ 0-1

[Event "HEM 2006 B"]
[Site "Marburg"]
[Date "2006.04.14"]
[Round "6.28"]
[White "Ullmann, Stefan"]
[Black "Baqui, Khalid"]
[Result "1-0"]
[WhiteElo "1663"]
[BlackElo "1243"]
[PlyCount "85"]
[EventDate "2006.04.12"]
[EventType "swiss"]
[EventCountry "GER"]

1. c4 e5 2. g3 d6 3. Bg2 Be7 4. Nc3 Nc6 5. d3 Nf6 6. e4 O-O 7. Nge2 Bg4 8. f3
Be6 9. Be3 Qd7 10. Nd5 Rfe8 11. O-O Bxd5 12. cxd5 Nb8 13. Rc1 c5 14. a3 Na6 15.
Qd2 b6 16. Nc3 Nc7 17. h3 Nh5 18. Kh2 f5 19. exf5 Rf8 20. g4 Nf6 21. f4 exf4
22. Bxf4 Ncxd5 23. Nxd5 Rae8 24. Rce1 Nxd5 25. Bxd5+ Kh8 26. Re6 Bf6 27. Rfe1
Bh4 28. R1e2 a5 29. Bxd6 Rxe6 30. Rxe6 Rf6 31. Qe3 h6 32. Rxf6 Bxf6 33. Qe6 Qd8
34. b3 Kh7 35. Bg3 Kh8 36. Kg2 Kh7 37. h4 Kh8 38. Kh3 Kh7 39. g5 hxg5 40. hxg5
Bxg5 41. Qg6+ Kh8 42. Be5 Bh6 43. Qxh6# 1-0

[Event "HEM 2006 B"]
[Site "Marburg"]
[Date "2006.04.14"]
[Round "6.29"]
[White "Zimmermann, Heinz"]
[Black "Brahn, Helmut"]
[Result "0-1"]
[WhiteElo "1429"]
[BlackElo "1886"]
[PlyCount "52"]
[EventDate "2006.04.12"]
[EventType "swiss"]
[EventCountry "GER"]

1. c3 d5 2. Nf3 Nf6 3. d3 c5 4. Bg5 Nbd7 5. Nbd2 h6 6. Bh4 e6 7. e4 dxe4 8.
dxe4 Be7 9. Qa4 O-O 10. e5 Nd5 11. Bxe7 Qxe7 12. Nc4 a6 13. Qc2 b5 14. Na5 Nxe5
15. Nxe5 Qc7 16. Nec6 Bd7 17. c4 Bxc6 18. cxd5 Qxa5+ 19. Kd1 Rfd8 20. Kc1 Rxd5
21. Bd3 Rad8 22. Rd1 c4 23. Be2 Rxd1+ 24. Bxd1 Qe1 25. b3 Be4 26. Qe2 Qc3+ 0-1

[Event "HEM 2006 B"]
[Site "Marburg"]
[Date "2006.04.14"]
[Round "6.30"]
[White "Parr, Daniel"]
[Black "Freund, Klaus"]
[Result "0-1"]
[WhiteElo "1277"]
[BlackElo "1756"]
[PlyCount "105"]
[EventDate "2006.04.12"]
[EventType "swiss"]
[EventCountry "GER"]

1. e4 c5 2. f4 Nc6 3. Nf3 g6 4. Nc3 Bg7 5. d3 d6 6. Be3 Bg4 7. h3 Bxf3 8. Qxf3
e6 9. Rb1 Nge7 10. Be2 Nd4 11. Bxd4 cxd4 12. Nd1 Qa5+ 13. Kf2 Qxa2 14. Rc1 O-O
15. Rf1 Rac8 16. c3 Nc6 17. g4 f5 18. Kg1 fxe4 19. dxe4 dxc3 20. Nxc3 Qxb2 21.
Bc4 Nd4 22. Qd3 Qb4 23. Na2 Qb6 24. Kg2 Kh8 25. f5 gxf5 26. gxf5 exf5 27. Rxf5
Nxf5 28. exf5 Bf6 29. Be6 Rxc1 30. Nxc1 Qc6+ 31. Kf2 Qxc1 32. Qxd6 Qb2+ 33. Kf3
Rd8 34. Bd7 Qd4 35. Qxd4 Bxd4 36. Be6 Kg7 37. Ke4 Bc3 38. Ke3 b5 39. Ba2 a5 40.
Bb3 a4 41. Bc2 Kf6 42. Bd3 a3 43. Bb1 Rd2 44. h4 a2 45. Bxa2 Rxa2 46. Kd3 Kxf5
47. Kxc3 Ke4 48. Kb3 Rh2 49. Kb4 Kd5 50. Kxb5 Rb2+ 51. Ka4 Kc5 52. Ka3 Rb8 53.
Ka2 0-1

[Event "HEM 2006 B"]
[Site "Marburg"]
[Date "2006.04.14"]
[Round "6.31"]
[White "Ketterling, Bianca"]
[Black "Struth, Jürgen"]
[Result "0-1"]
[WhiteElo "1379"]
[BlackElo "1642"]
[PlyCount "57"]
[EventDate "2006.04.12"]
[EventType "swiss"]
[EventCountry "GER"]

1. d4 Nf6 2. Nf3 d5 3. c4 e6 4. Nc3 c5 5. Bg5 Nc6 6. cxd5 exd5 7. dxc5 Bxc5 8.
Nxd5 Ne4 9. e3 Nxg5 10. Nxg5 O-O 11. Nf3 Be6 12. Nf4 Qa5+ 13. Nd2 Bf5 14. Bd3
Rad8 15. Bxf5 Rxd2 16. Bxh7+ Kxh7 17. Qh5+ Kg8 18. O-O Rfd8 19. Qf5 Bd6 20.
Qxa5 Nxa5 21. Rab1 Be5 22. b4 Nc4 23. Rfc1 Kh7 24. g3 b5 25. Kf1 Rxa2 26. Rd1
Rdd2 27. Ke1 Rxf2 28. Nd3 Rxh2 29. Nxe5 0-1

[Event "HEM 2006 B"]
[Site "Marburg"]
[Date "2006.04.14"]
[Round "6.32"]
[White "Kohlmeyer, Klaus"]
[Black "Kitzler, Manfred"]
[Result "1/2-1/2"]
[WhiteElo "1631"]
[BlackElo "1459"]
[PlyCount "49"]
[EventDate "2006.04.12"]
[EventType "swiss"]
[EventCountry "GER"]

1. d4 Nf6 2. c4 c5 3. d5 e6 4. Nc3 d6 5. Bg5 Be7 6. e4 exd5 7. Bxf6 Bxf6 8.
exd5 O-O 9. Nf3 Bg4 10. Be2 Bxc3+ 11. bxc3 Re8 12. O-O Nd7 13. Qc2 Nf6 14. Rfb1
b6 15. h3 Bh5 16. Re1 Bg6 17. Bd3 Qd7 18. Bxg6 fxg6 19. Ng5 Re7 20. Ne6 Rae8
21. Re3 b5 22. Qd3 bxc4 23. Qxc4 Qb7 24. Rd1 Kh8 25. Qh4 1/2-1/2

[Event "HEM 2006 B"]
[Site "Marburg"]
[Date "2006.04.14"]
[Round "6.33"]
[White "Siegismund, Florian"]
[Black "Bachmann, Björn"]
[Result "1-0"]
[WhiteElo "1476"]
[BlackElo "1229"]
[PlyCount "79"]
[EventDate "2006.04.12"]
[EventType "swiss"]
[EventCountry "GER"]

1. d4 d5 2. c4 c6 3. Nc3 Nf6 4. e3 Bf5 5. Nf3 e6 6. Bd2 Be7 7. Nh4 Bg4 8. f3
Bh5 9. g4 Bg6 10. Nxg6 fxg6 11. Bd3 Nbd7 12. Qc2 Qc7 13. O-O-O O-O-O 14. c5 g5
15. Qb3 h5 16. e4 e5 17. exd5 exd4 18. d6 Nxc5 19. Bf5+ Nfd7 20. dxc7 Nxb3+ 21.
axb3 Kxc7 22. Ne4 Ne5 23. Nxg5 Bxg5 24. Bxg5 Rd5 25. Bf4 c5 26. Be4 Kd6 27.
Bxd5 Kxd5 28. Bxe5 Kxe5 29. h3 Kf4 30. Rhf1 Kg3 31. Rde1 a6 32. Re7 g5 33. Rxb7
hxg4 34. hxg4 Kg2 35. Re1 Kxf3 36. Rc7 Kxg4 37. Rxc5 Kf4 38. Rg1 Rg8 39. Kd2
Ke4 40. Rcxg5 1-0

[Event "HEM 2006 B"]
[Site "Marburg"]
[Date "2006.04.14"]
[Round "6.35"]
[White "Fritsche, Rainer"]
[Black "Krüger, Jens"]
[Result "1/2-1/2"]
[WhiteElo "1315"]
[BlackElo "1214"]
[PlyCount "105"]
[EventDate "2006.04.12"]
[EventType "swiss"]
[EventCountry "GER"]

1. d4 g6 2. Nf3 Nf6 3. c4 Bg7 4. Nc3 d6 5. e4 O-O 6. h3 c5 7. dxc5 dxc5 8. Qxd8
Rxd8 9. e5 Nfd7 10. Nd5 Nc6 11. e6 fxe6 12. Nc7 Rb8 13. Nxe6 Re8 14. Nxg7 Kxg7
15. Bd2 Nd4 16. Nxd4 cxd4 17. Bf4 e5 18. Bh2 b6 19. O-O-O Ba6 20. Kb1 Re7 21.
b3 Nc5 22. Be2 Ne4 23. Rde1 Nxf2 24. Rhf1 Ne4 25. Kb2 Rd8 26. Bd3 Nc5 27. Bb1
e4 28. Bg3 Re6 29. Kc1 d3 30. Re3 b5 31. cxb5 Bxb5 32. Kd2 Na6 33. Rfe1 Bc6 34.
Rc1 Bb7 35. Rc4 Rc8 36. Rxc8 Bxc8 37. h4 Bb7 38. Bxd3 Nb4 39. Bc4 Re7 40. a3
Rd7+ 41. Ke2 Nc2 42. Rc3 Nxa3 43. Be5+ Kf8 44. Rc1 a5 45. Rf1+ Ke8 46. Ke3 Nc2+
47. Ke2 Bc6 48. Rc1 Nd4+ 49. Bxd4 Rxd4 50. Ke3 Rd7 51. Ra1 Ra7 52. Rc1 Rc7 53.
Ra1 1/2-1/2

[Event "HEM 2006 B"]
[Site "Marburg"]
[Date "2006.04.14"]
[Round "6.36"]
[White "Stöhr, Alexander"]
[Black "Edelmann, Patrick"]
[Result "0-1"]
[WhiteElo "1341"]
[BlackElo "798"]
[PlyCount "64"]
[EventDate "2006.04.12"]
[EventType "swiss"]
[EventCountry "GER"]

1. d4 d5 2. c4 c6 3. Nf3 Bg4 4. e3 g6 5. h3 Bxf3 6. Qxf3 e6 7. Nc3 Bg7 8. Bd3
dxc4 9. Bxc4 b5 10. Bxb5 Ne7 11. O-O O-O 12. Bd3 Nd5 13. Bd2 Nd7 14. Rac1 N7b6
15. Ne4 Rc8 16. a3 Qe7 17. Nc3 Rfd8 18. Rc2 c5 19. dxc5 Rxc5 20. Rfc1 Nxc3 21.
Bxc3 Rxd3 22. Bxg7 Rxc2 23. Rxc2 Kxg7 24. Qf4 Nd5 25. Qc4 Rd1+ 26. Kh2 Qf6 27.
Qe2 Rb1 28. e4 Nf4 29. Qb5 a6 30. Qb7 Qe5 31. g3 Nxh3 32. Kxh3 Qh5+ 0-1

[Event "HEM 2006 B"]
[Site "Marburg"]
[Date "2006.04.14"]
[Round "6.37"]
[White "Buerkle, Alois"]
[Black "Mook, Karl-Jürgen"]
[Result "0-1"]
[WhiteElo "1317"]
[BlackElo "1325"]
[PlyCount "132"]
[EventDate "2006.04.12"]
[EventType "swiss"]
[EventCountry "GER"]

1. Nf3 Nf6 2. c4 e6 3. Nc3 Bb4 4. a3 Bxc3 5. bxc3 b6 6. g3 Bb7 7. Bg2 O-O 8.
Rb1 Na6 9. O-O Nc5 10. d3 d6 11. Qc2 Ncd7 12. a4 a5 13. Rd1 e5 14. d4 e4 15.
Ng5 Re8 16. d5 Qe7 17. Rd4 Nc5 18. Ba3 h6 19. Nh3 e3 20. f3 Rab8 21. Bxc5 bxc5
22. Rd3 Ba6 23. Rxb8 Rxb8 24. Qa2 Nd7 25. Rd1 Nb6 26. Rb1 Bxc4 27. Qc2 Bxd5 28.
Nf4 Bc6 29. c4 Qe8 30. Qc3 f6 31. Bh3 Bd7 32. g4 Qe5 33. Qxe5 fxe5 34. Nd5 Bxa4
35. Nxe3 Bc6 36. Nf5 Kf7 37. e4 Ra8 38. Bf1 a4 39. Ne3 g6 40. Nc2 a3 41. Ra1 a2
42. Ne3 Ra3 43. Kf2 Ba4 44. h4 Bb3 45. Be2 Ra4 46. Ke1 Rb4 47. Kd2 c6 48. Nc2
Nxc4+ 49. Kc3 Bxc2 50. Bxc4+ Rxc4+ 51. Kxc4 Bb1 52. Kc3 Ke7 53. Kb3 d5 54. Kc3
Kd6 55. Kd2 d4 56. Ke2 c4 57. Kd2 Kc5 58. Ke2 c3 59. Kd1 d3 60. h5 g5 61. f4
exf4 62. Kc1 Kd4 63. Kd1 Kxe4 64. Kc1 Ke3 65. Rxb1 axb1=Q+ 66. Kxb1 Kd2 0-1

[Event "HEM 2006 B"]
[Site "Marburg"]
[Date "2006.04.15"]
[Round "7.1"]
[White "Stockmann, Michael"]
[Black "Garbe, Ralf"]
[Result "0-1"]
[WhiteElo "2269"]
[BlackElo "2169"]
[PlyCount "70"]
[EventDate "2006.04.12"]
[EventType "swiss"]
[EventCountry "GER"]

1. d4 Nf6 2. Nf3 c5 3. c4 g6 4. Nc3 cxd4 5. Nxd4 Nc6 6. g3 Bg7 7. Bg2 Qb6 8.
Nc2 d6 9. O-O O-O 10. b3 Be6 11. Bb2 Rac8 12. Nb5 a6 13. Nbd4 Nxd4 14. Bxd4 Qc7
15. Rc1 b5 16. cxb5 axb5 17. Qd2 d5 18. Na3 Qb7 19. Qb4 Rxc1 20. Rxc1 Ra8 21.
Rc2 Bf5 22. Rd2 Qc6 23. Qc5 Qa6 24. g4 Bxg4 25. h3 Bxh3 26. Nxb5 Bxg2 27. Kxg2
Ne4 28. Qxd5 Nxd2 29. Nc7 Qa5 30. Qxa8+ Qxa8+ 31. Nxa8 Bxd4 32. e3 Bc3 33. Nc7
Kf8 34. Nb5 Ba5 35. Nd4 Ke8 0-1

[Event "HEM 2006 B"]
[Site "Marburg"]
[Date "2006.04.15"]
[Round "7.2"]
[White "Lüchtemeier, Peter"]
[Black "Eibelshäuser, Stefan"]
[Result "1-0"]
[WhiteElo "2268"]
[BlackElo "2062"]
[PlyCount "79"]
[EventDate "2006.04.12"]
[EventType "swiss"]
[EventCountry "GER"]

1. d4 d5 2. c4 e6 3. Nc3 Nf6 4. cxd5 exd5 5. Bg5 Be7 6. e3 O-O 7. Bd3 Nbd7 8.
Qc2 h6 9. Bf4 c6 10. Nf3 Re8 11. O-O Nh5 12. Nxd5 Nxf4 13. Nxf4 Bd6 14. Ne2 Nf8
15. Bf5 Qf6 16. Bxc8 Raxc8 17. Ng3 Rcd8 18. Rac1 Bxg3 19. hxg3 Qe6 20. Qc4 Qf5
21. Qc5 Qd7 22. Ne5 Qc7 23. b4 a6 24. a4 Ne6 25. Qc2 Qd6 26. Rb1 Nc7 27. Qc5
Qf6 28. Qb6 Nd5 29. Qxb7 Nc3 30. Rbe1 Ne4 31. Qxc6 Nd2 32. Qxf6 gxf6 33. Nc6
Rd6 34. Rc1 Nxf1 35. Kxf1 Kf8 36. b5 axb5 37. axb5 Rc8 38. g4 Rc7 39. Ke2 Rb7
40. Rc5 1-0

[Event "HEM 2006 B"]
[Site "Marburg"]
[Date "2006.04.15"]
[Round "7.3"]
[White "Marth, Jürgen"]
[Black "Montermann, Klaus"]
[Result "0-1"]
[WhiteElo "2044"]
[BlackElo "2140"]
[PlyCount "114"]
[EventDate "2006.04.12"]
[EventType "swiss"]
[EventCountry "GER"]

1. e4 d5 2. exd5 Nf6 3. d4 Nxd5 4. c4 Nf6 5. Be2 Nc6 6. d5 Ne5 7. Nf3 Nxf3+ 8.
Bxf3 e5 9. O-O Bd6 10. Nc3 O-O 11. Be3 e4 12. Be2 Qe7 13. Nb5 Be5 14. Rb1 a6
15. Nc3 Bf5 16. Qd2 Rfe8 17. b4 Rad8 18. Bc5 Qd7 19. Rb3 c6 20. Qg5 cxd5 21.
Nxd5 Nxd5 22. cxd5 Qxd5 23. Kh1 Be6 24. f3 Qd2 25. Qxd2 Rxd2 26. Re3 Rxa2 27.
Rxe4 Rxe2 28. Rxe2 Bc4 29. Rfe1 Bxe2 30. Rxe2 Re6 31. g3 g6 32. Kg2 Kg7 33. Kf2
g5 34. Re4 Kg6 35. Re2 h5 36. Re4 Kf5 37. h3 Bc3 38. g4+ hxg4 39. hxg4+ Kg6 40.
Rxe6+ fxe6 41. Ke3 a5 42. b5 Kf6 43. Kd3 Bb4 44. Bd4+ e5 45. Ba1 Ke6 46. Kc4 b6
47. Bb2 Bd2 48. Kd3 Bf4 49. Ke4 a4 50. Ba3 Bg3 51. Bb4 Bf2 52. Ba3 Bd4 53. Bc1
Bc5 54. Bb2 a3 55. Bxe5 a2 56. Ba1 Be7 57. Kd3 Bf6 0-1

[Event "HEM 2006 B"]
[Site "Marburg"]
[Date "2006.04.15"]
[Round "7.4"]
[White "Stein, Marco"]
[Black "Diez, Gerhard"]
[Result "1-0"]
[WhiteElo "2108"]
[BlackElo "2014"]
[PlyCount "49"]
[EventDate "2006.04.12"]
[EventType "swiss"]
[EventCountry "GER"]

1. d4 Nf6 2. c4 e6 3. g3 d5 4. Nf3 dxc4 5. Bg2 Nc6 6. O-O Be7 7. Qa4 Bd7 8.
Qxc4 Rc8 9. Nc3 Na5 10. Qd3 c5 11. dxc5 Bxc5 12. Ne4 Nxe4 13. Qxe4 Bc6 14. Qg4
Bxf3 15. Bxf3 Qd4 16. Qh5 b6 17. Bf4 Qxb2 18. Be5 Bd4 19. Rab1 Qc3 20. Bd6 Bc5
21. Rfc1 Qd4 22. Bxc5 bxc5 23. Rb5 Nc4 24. e3 Qe5 25. Rxc4 1-0

[Event "HEM 2006 B"]
[Site "Marburg"]
[Date "2006.04.15"]
[Round "7.5"]
[White "Kartmann, Juergen"]
[Black "Klettke, Wolfgang"]
[Result "1/2-1/2"]
[WhiteElo "2054"]
[BlackElo "2104"]
[PlyCount "43"]
[EventDate "2006.04.12"]
[EventType "swiss"]
[EventCountry "GER"]

1. e4 c5 2. c3 Nf6 3. e5 Nd5 4. Nf3 e6 5. Bc4 Nb6 6. Bb3 d6 7. O-O N8d7 8. d4
Be7 9. Qe2 Nf8 10. Bf4 Ng6 11. Bg3 cxd4 12. cxd4 d5 13. Nc3 Bd7 14. a4 a6 15.
Rfc1 Rc8 16. Nd2 Bg5 17. Rf1 Bxd2 18. Qxd2 Nc4 19. Bxc4 Rxc4 20. b3 Rc8 21. Ne2
O-O 22. Rfc1 1/2-1/2

[Event "HEM 2006 B"]
[Site "Marburg"]
[Date "2006.04.15"]
[Round "7.7"]
[White "Hahn, Werner"]
[Black "von Chamier, Ralf"]
[Result "1-0"]
[WhiteElo "2147"]
[BlackElo "1798"]
[PlyCount "93"]
[EventDate "2006.04.12"]
[EventType "swiss"]
[EventCountry "GER"]

1. d4 Nf6 2. c4 e6 3. Nf3 b6 4. g3 Bb7 5. Bg2 d5 6. Ne5 Nbd7 7. Qa4 Be7 8. Nc6
Bxc6 9. Qxc6 O-O 10. Nc3 Bb4 11. O-O Bxc3 12. bxc3 Rc8 13. cxd5 e5 14. Bg5 exd4
15. Bh3 Ne5 16. Bxf6 gxf6 17. Qa4 dxc3 18. Bxc8 Qxc8 19. Rac1 c2 20. Qf4 Qh3
21. f3 Qd7 22. Qxf6 Qxd5 23. Rxc2 c5 24. Qg5+ Kh8 25. Qd2 Qc6 26. Rd1 Qg6 27.
Qc3 f6 28. Kg2 Nc6 29. Rcd2 Nd4 30. e3 Nf5 31. Rd8 Qh6 32. Rxf8+ Qxf8 33. Rd5
Ng7 34. Qd3 Ne8 35. Rd7 Qg8 36. Rd8 Qxa2+ 37. Qd2 Qxd2+ 38. Rxd2 Kg8 39. Rd7 a6
40. Ra7 Nd6 41. Rxa6 Nc4 42. Kf2 Kf7 43. Ke2 Ke6 44. e4 Kd6 45. h4 Kc6 46. Ra7
h5 47. Rf7 1-0

[Event "HEM 2006 B"]
[Site "Marburg"]
[Date "2006.04.15"]
[Round "7.8"]
[White "Henzner, Reiner"]
[Black "Pichl, Uwe"]
[Result "1-0"]
[WhiteElo "2098"]
[BlackElo "1677"]
[PlyCount "85"]
[EventDate "2006.04.12"]
[EventType "swiss"]
[EventCountry "GER"]

1. e4 e5 2. Nf3 Nf6 3. Nc3 Nc6 4. d4 exd4 5. Nxd4 Nxd4 6. Qxd4 d6 7. Bg5 Be7 8.
O-O-O Be6 9. Bc4 O-O 10. Bxe6 fxe6 11. Qc4 Qc8 12. Nb5 Bd8 13. Bxf6 Rxf6 14.
Rhf1 a6 15. Nd4 b5 16. Qc6 e5 17. Nf5 Rf8 18. g3 Rb8 19. f4 exf4 20. Qd5+ Kh8
21. gxf4 Bf6 22. Ng3 b4 23. Nh5 Rb5 24. Nxf6 Rxd5 25. Nxd5 a5 26. e5 Re8 27.
Rfe1 c6 28. Nb6 Qe6 29. exd6 Qxe1 30. Rxe1 Rxe1+ 31. Kd2 Re6 32. Nc4 Re8 33.
Ne5 Kg8 34. Kd3 Kf8 35. Kd4 Re6 36. Kc5 g5 37. Nxc6 Ke8 38. Kd5 Re1 39. fxg5
Kd7 40. Ne5+ Kd8 41. Ke6 Re2 42. h4 Rxc2 43. Nf7+ 1-0

[Event "HEM 2006 B"]
[Site "Marburg"]
[Date "2006.04.15"]
[Round "7.9"]
[White "Goloborodko, Dmitro"]
[Black "Kuhn, Gerhard"]
[Result "0-1"]
[WhiteElo "2031"]
[BlackElo "2085"]
[PlyCount "66"]
[EventDate "2006.04.12"]
[EventType "swiss"]
[EventCountry "GER"]

1. e4 c6 2. d3 g6 3. Nf3 Bg7 4. c3 d5 5. e5 c5 6. d4 cxd4 7. cxd4 Nc6 8. h3 e6
9. Nc3 Nge7 10. Nb5 O-O 11. Nd6 f6 12. exf6 Bxf6 13. Bf4 Bxd4 14. Nxd4 Rxf4 15.
Nxc6 Qxd6 16. Nxe7+ Qxe7 17. Qd2 Qb4 18. Qxb4 Rxb4 19. O-O-O Bd7 20. Kb1 Rc8
21. Be2 Kf7 22. Rc1 Rb6 23. Rxc8 Bxc8 24. Kc2 Kf6 25. b3 e5 26. Bg4 Bf5+ 27.
Kd2 Rc6 28. Bd1 Be6 29. Bc2 h5 30. g3 Ra6 31. a4 Rc6 32. h4 a5 33. Rb1 Rxc2+
0-1

[Event "HEM 2006 B"]
[Site "Marburg"]
[Date "2006.04.15"]
[Round "7.10"]
[White "Radtke, Thoralf"]
[Black "Hillgaertner, Walter"]
[Result "0-1"]
[WhiteElo "1646"]
[BlackElo "2055"]
[PlyCount "90"]
[EventDate "2006.04.12"]
[EventType "swiss"]
[EventCountry "GER"]

1. f4 c5 2. Nf3 Nc6 3. e3 g6 4. Bb5 Bg7 5. O-O Nf6 6. c3 O-O 7. d4 Qb6 8. Qe2
d6 9. b3 a6 10. Bd3 Bg4 11. h3 Bd7 12. Ba3 cxd4 13. cxd4 Rac8 14. Nbd2 Qa7 15.
Rac1 b5 16. Bb2 Rfe8 17. Qf2 Nb4 18. Bb1 Qa8 19. a3 Nc6 20. Ne4 Na5 21. Nxf6+
Bxf6 22. Nd2 Be6 23. Bc2 Rf8 24. g4 Bg7 25. e4 Bd7 26. Qe3 Qa7 27. Rfe1 Nc6 28.
Nf3 Rfe8 29. Kg2 e5 30. fxe5 dxe5 31. d5 Qxe3 32. Rxe3 Nd4 33. Bd1 Rxc1 34.
Bxc1 Rc8 35. Bb2 f5 36. exf5 Nxf3 37. Kxf3 e4+ 38. Rxe4 Bxb2 39. Re7 Rd8 40.
fxg6 hxg6 41. Bc2 Bxa3 42. Re5 Rf8+ 43. Ke2 Kg7 44. Rg5 Rf6 45. Bd3 Bd6 0-1

[Event "HEM 2006 B"]
[Site "Marburg"]
[Date "2006.04.15"]
[Round "7.11"]
[White "Szwarc, Klaus Peter"]
[Black "Mittendorf, Frank"]
[Result "1/2-1/2"]
[WhiteElo "1907"]
[BlackElo "2196"]
[PlyCount "86"]
[EventDate "2006.04.12"]
[EventType "swiss"]
[EventCountry "GER"]

1. c4 Nf6 2. g3 e6 3. Bg2 d5 4. b3 Be7 5. Bb2 O-O 6. e3 c5 7. Ne2 Nc6 8. O-O
Rb8 9. d3 a6 10. Nf4 b5 11. Nd2 Bb7 12. h4 Nb4 13. a3 Nc6 14. Qe2 dxc4 15. dxc4
Na5 16. Be5 Bxg2 17. Nxg2 Rb7 18. Ra2 bxc4 19. bxc4 Nd7 20. Bc3 Bf6 21. Bxa5
Qxa5 22. Ne4 Be7 23. Rd1 Rfb8 24. Kh2 Ne5 25. f4 Nc6 26. Nf2 f5 27. g4 Bf6 28.
gxf5 exf5 29. Qf3 Nb4 30. Rad2 Qxa3 31. Rd7 Rxd7 32. Rxd7 Qa4 33. Ra7 Qe8 34.
Kh3 Qc8 35. Nd3 Kh8 36. Nf2 Qg8 37. Qe2 Qe6 38. Kg3 Rd8 39. e4 fxe4 40. Qxe4
Qxe4 41. Nxe4 Bd4 42. Nd6 Kg8 43. Nf5 Bf6 1/2-1/2